ANNA KARENINA (Record no. 216554)
[ view plain ]
| 000 -LEADER | |
|---|---|
| fixed length control field | 00358nam a22001337a 4500 |
| 008 - FIXED-LENGTH DATA ELEMENTS--GENERAL INFORMATION | |
| fixed length control field | 260205b |||||||| |||| 00| 0 eng d |
| 020 ## - INTERNATIONAL STANDARD BOOK NUMBER | |
| International Standard Book Number | 978-0-140-44917-4 |
| 100 ## - MAIN ENTRY--PERSONAL NAME | |
| Personal name | LEO, TOLSTOY |
| 245 ## - TITLE STATEMENT | |
| Title | ANNA KARENINA |
| Remainder of title | A NOVEL IN EIGHT PARTS |
| 260 ## - PUBLICATION, DISTRIBUTION, ETC. | |
| Place of publication, distribution, etc. | DUBLIN |
| Name of publisher, distributor, etc. | PENGUIN RANDOM HOUSE |
| Date of publication, distribution, etc. | 2003 |
| 300 ## - PHYSICAL DESCRIPTION | |
| Extent | XXV, 837P. |
| 942 ## - ADDED ENTRY ELEMENTS (KOHA) | |
| Source of classification or shelving scheme | Library of Congress Classification |
| Koha item type | Long Loan Book |
| Withdrawn status | Lost status | Source of classification or shelving scheme | Damaged status | Not for loan | Collection | Home library | Current library | Shelving location | Date acquired | Inventory number | Total checkouts | Full call number | Barcode | Date last seen | Copy number | Price effective from | Koha item type | Date last checked out | Total renewals | Date due |
|---|---|---|---|---|---|---|---|---|---|---|---|---|---|---|---|---|---|---|---|---|
| Library of Congress Classification | Arts & Social Sciences | Kisii University Library | Kisii University Library | On Display | 02/05/2026 | 111187 | PG 3366. A6T65 2003 | 50867 | 02/05/2026 | 1 | 02/05/2026 | Long Loan Book | ||||||||
| Library of Congress Classification | Arts & Social Sciences | Kisii University Library | Kisii University Library | On Display | 02/05/2026 | 111188 | 1 | PG 3366. A6T65 2003 | 50879 | 03/27/2026 | 2 | 02/05/2026 | Long Loan Book | 03/13/2026 | ||||||
| Library of Congress Classification | Arts & Social Sciences | Kisii University Library | Kisii University Library | On Display | 02/05/2026 | 111189 | 1 | PG 3366. A6T65 2003 | 50875 | 03/17/2026 | 3 | 02/05/2026 | Long Loan Book | 03/04/2026 | ||||||
| Library of Congress Classification | Arts & Social Sciences | Kisii University Library | Kisii University Library | On Display | 02/05/2026 | 111190 | 2 | PG 3366. A6T65 2003 | 50873 | 04/20/2026 | 4 | 02/05/2026 | Long Loan Book | 03/24/2026 | 2 | |||||
| Library of Congress Classification | Arts & Social Sciences | Kisii University Library | Kisii University Library | On Display | 02/05/2026 | 111191 | 1 | PG 3366. A6T65 2003 | 50871 | 04/24/2026 | 5 | 02/05/2026 | Long Loan Book | 04/24/2026 | 05/08/2026 |